Materská škola s jasľami v energeticky pasívnom štandarde

Salvato in:
Dettagli Bibliografici
Autore principale: Fedor, Marek (Autore)
Altri autori: Rabenseifer, Roman (Relatore della tesi)
Natura: Manoscritto Libro
Lingua:slovacco
Pubblicazione: 2016
Soggetti:
Accesso online:http://is.stuba.sk/zp/portal_zp.pl?podrobnosti=117457
https://opac.crzp.sk/?fn=detailBiblioForm&sid=41728D440EB1EF629616118922FE
Tags: Aggiungi Tag
Nessun Tag, puoi essere il primo ad aggiungerne!!

MARC

LEADER 00000ntm a22000003a 4500
001 stuzp56619
003 SK-STU
005 20230825101813.8
007 ta
008 150427s2015----xo-----f-mn---000-0-slo-d
040 |a STU  |b slo 
041 0 |a slo 
100 1 |a Fedor, Marek  |u 010180  |4 aut  |U SvF Stavebná fakulta  |T SvF Katedra konštrukcií pozemných stavieb  |X 27356  |U V180  |Y 18  |7 A000027356 
242 0 1 |a Nursery school with creche in standard of ultra low energy building  |y eng 
245 1 0 |a Materská škola s jasľami v energeticky pasívnom štandarde 
260 |c 2016 
650 4 |a materská škôlka  |2 slo 
650 4 |a energeticky pasívna budova  |2 slo 
650 4 |a montovaná drevostavba  |2 slo 
650 4 |a cross laminated timber construction  |2 eng 
650 4 |a nursery school  |2 eng 
650 4 |a ultra low energy building  |2 eng 
700 1 |a Rabenseifer, Roman  |u 010180  |k Z1  |4 ths  |U SvF Stavebná fakulta  |T SvF Katedra konštrukcií pozemných stavieb  |X 727  |U V180  |Y 18  |7 A000000727 
856 4 |u http://is.stuba.sk/zp/portal_zp.pl?podrobnosti=117457 
856 4 |u https://opac.crzp.sk/?fn=detailBiblioForm&sid=41728D440EB1EF629616118922FE 
SQL |a stuzp56619  |b DDP  |c SLO  |d Materská škola s jasľami v energeticky pasívnom štandarde  |e 27356  |f Fedor, Marek  |g 010180  |h 727  |i Rabenseifer, Roman  |j 20160615  |k 8  |l 01  |m http://is.stuba.sk/zp/portal_zp.pl?podrobnosti=117457  |n I-AKP  |o 5.1.4. pozemné stavby